000 00401nam a2200157Ia 4500
005 20240807062339.0
008 240806s9999||||xx |||||||||||||| ||eng||
041 _aeng
082 _a891.4309
_bSINR
100 _aIndra Bahadur Singh
245 0 _aRitikaleen sahitya: parivesh aur mulya /
_cIndra Bahadur Singh
260 _bArvind Prakashan Bambai
300 _a0
650 _aHindi
942 _cBK
999 _c16213
_d16213